000 00967nas a2200301 4500
001 BR2012002146
003 BR-BrBNA
005 20231205120345.0
007 ta
008 230509b bl.|||p| |||| 00| 00por d
040 _aBR-BrBNA
_bpor
_cBiblioteca Nacional de Agricultura
041 _a(Pt)
072 _aL74
100 1 _aYamada, A.L.M.
100 1 _aOliveira, P.G.G.
100 1 _aCarvalho, A.M.
100 1 _aWatanabe, M.J.
100 1 _aHussni, C.A.
100 1 _aAlves, A.L.G.
245 1 _aCélulas mononucleares da medula óssea no tratamento da ruptura total dos tendões flexores e ligamento suspensor do boleto em equíno
650 _aEQUÍNO
650 _aLIGAMENTO
650 _aTENDÃO
650 _aMEDULA ÓSSEA
773 0 _tArquivo Brasileiro de Medicina Veterinária e Zootecnia (Brazil)
_xISSN 0102-0935
_g(Dec 2011), v. 63(6) p. 1579-1582
_wBR2012002146
909 _a202311
_bLúcia
_c55
_dLúcia Elande
942 _2AGRIS
_n0
_cANA
999 _c218103
_d218103